Generalized Lambda Distributions of Household's Incomes
Nový prístup k štatistickému modelovaniu s inverznými funkciami rozdelenia, známe ako kvartálne funkcie, poskytujúc budúce možnosti pre popísanie pravdepodobnostného rozdelenia. Využitie zovšeobecneného lambda rozdelenia (GLD) pre štatistické modelovanie pravdepodobnostného rozdelenia.
Guardado en:
| Autor principal: | |
|---|---|
| Otros Autores: | |
| Formato: | Capítulo de libro |
| Lenguaje: | inglés |
| Materias: | |
| Etiquetas: |
Sin Etiquetas, Sea el primero en etiquetar este registro!
|
MARC
| LEADER | 00000naa$a2200000$$$4500 | ||
|---|---|---|---|
| 001 | 0055914 | ||
| 005 | 20240502083138.4 | ||
| 041 | 0 | |a eng | |
| 044 | |a CZ | ||
| 245 | 1 | 0 | |a Generalized Lambda Distributions of Household's Incomes |c Viera Pacáková, Ľubica Sipková |
| 520 | |a Nový prístup k štatistickému modelovaniu s inverznými funkciami rozdelenia, známe ako kvartálne funkcie, poskytujúc budúce možnosti pre popísanie pravdepodobnostného rozdelenia. Využitie zovšeobecneného lambda rozdelenia (GLD) pre štatistické modelovanie pravdepodobnostného rozdelenia. | ||
| 610 | 2 | 0 | |a modelovanie |
| 610 | 2 | 0 | |a modely |
| 610 | 2 | 0 | |a parametre ekonomické |
| 610 | 2 | 0 | |a príjmy |
| 610 | 2 | 0 | |a domácnosti |
| 610 | 2 | 0 | |a oceňovanie |
| 100 | 1 | |a Pacáková, Viera | |
| 700 | 1 | |a Sipková, Ľubica, 1962- | |